University Home | Library Home | Institutional Repository

Talk with the Panamanian journalist delegation, September 1, 1974 / (Record no. 187689)

MARC details
000 -LEADER
fixed length control field 01101cam1a220027700 4500
001 - CONTROL NUMBER
control field lce00162916
008 - FIXED-LENGTH DATA ELEMENTS--GENERAL INFORMATION
fixed length control field 760220s1974 kn cf 000 0 eng
010 ## - LIBRARY OF CONGRESS CONTROL NUMBER
LC control number 76353239 //r873
035 ## - SYSTEM CONTROL NUMBER
System control number (Sirsi) r112545
035 ## - SYSTEM CONTROL NUMBER
System control number (DLC) 76353239 //r873
035 ## - SYSTEM CONTROL NUMBER
System control number (UPRA)lce00162916
040 ## - CATALOGING SOURCE
Modifying agency UPRA
041 1# - LANGUAGE CODE
Language code of text/sound track or separate title eng kor
Language code of original eng kor
043 ## - GEOGRAPHIC AREA CODE
Geographic area code a-kn--- a-kr---
-- a-kn--- a-kr---
050 0# - LIBRARY OF CONGRESS CALL NUMBER
Classification number LC94.K7
Item number K5513
082 ## - DEWEY DECIMAL CLASSIFICATION NUMBER
Classification number 379.519
100 1# - MAIN ENTRY--PERSONAL NAME
Personal name Kim, Il-song, 1912-
Dates associated with a name Kim, Il-song, 1912-
Linkage A40536.1
240 10 - UNIFORM TITLE
Uniform title Ppanama kija taep'yodan kwa han tamhwa. English
Language of a work Ppanama kija taep'yodan kwa han tamhwa. English
245 10 - TITLE STATEMENT
Title Talk with the Panamanian journalist delegation, September 1, 1974 /
Statement of responsibility, etc. Kim Il Sung.
260 ## - PUBLICATION, DISTRIBUTION, ETC.
Place of publication, distribution, etc. Pyongyang, Korea :
Name of publisher, distributor, etc. Foreign Languages Pub. House,
Date of publication, distribution, etc. 1974.
500 ## - GENERAL NOTE
General note Translation of Ppanama kija taep'yodan kwa han tamhwa.
650 #0 - SUBJECT ADDED ENTRY--TOPICAL TERM
Topical term or geographic name entry element Education and state -- Korea (North)
Geographic subdivision Education and state -- Korea (North)
Linkage S55137.1
650 #0 - SUBJECT ADDED ENTRY--TOPICAL TERM
Topical term or geographic name entry element Korean reunification question (1945- )
Linkage S32187.1
949 ## - LOCAL PROCESSING INFORMATION (OCLC)
a LC94.K7
w lcc
i -161332
m MAIN
t BOOK
l ON-SHELF

No items available.

© 2026 - The University of Zambia Library - Koha v25.11